Avenger / William Shatner.
Record details
- ISBN: 0671551329
- Physical Description: 370 pages ; 22 cm.
- Publisher: New York : Pocket Books, 1997.
Search for related items by subject
| Subject: | Outer space > Fiction. |
| Genre: | Science fiction. Fantasy fiction. |
Search for related items by series
| LDR | 00716cam a2200229 a 4500 | ||
|---|---|---|---|
| 001 | 116963 | ||
| 003 | CONS | ||
| 005 | 20140703082244.0 | ||
| 008 | 950323s1997 nyu 000 1 eng u | ||
| 020 | . | ‡a0671551329 | |
| 035 | . | ‡a(CPomAG)LMN312154 | |
| 100 | 1 | . | ‡aShatner, William. |
| 245 | 1 | 0. | ‡aAvenger / ‡cWilliam Shatner. |
| 246 | 3 | . | ‡aStar trek, avenger |
| 260 | . | ‡aNew York : ‡bPocket Books, ‡c1997. | |
| 300 | . | ‡a370 pages ; ‡c22 cm. | |
| 440 | 0. | ‡aStar trek | |
| 655 | 7. | ‡aScience fiction. ‡2gsafd | |
| 655 | 7. | ‡aFantasy fiction. ‡2gsafd | |
| 651 | 0. | ‡aOuter space ‡vFiction. | |
| 959 | . | ‡i32269000515232 ‡lF Sta ‡aAdult - Fiction ‡tHardback ‡g23.00 | |
| 852 | . | ‡p32269000515232 ‡jF Sta ‡gAdult - Fiction ‡cHardback ‡y23.00 ‡bSBPL | |
| 901 | . | ‡a116963 ‡bUnknown ‡c116963 ‡tbiblio | |